000 00293pam a2200133 a 4500
020 _c
041 _h
082 _a751.422
_bHAI
100 _aJeans Haines .
245 _aWorld of Watercolour
_hTextual Documents
260 _a[s.l]:
_bSearch Press
300 _a176:
_bHard.
930 _a7996
999 _c241786
_d241786